=LDR 00000nam 2200000 4500 =001 INLIS000000000037665 =005 20130612143403 =008 ***********************************Ind** =035 ##$$0010-061300000037665 =041 ##$$a Ind =082 ##$$a 650.1 =090 ##$$a 650.1, Ali d =100 ##$$a Alistiorini =245 ##$$a 80 bisnis laris balik modal LI tahun, Alistiorini =260 ##$$a 2011 $b Jakarta =300 ##$$a iv, 300 hlm, ilus, 20 cm =650 ##$$a Bisnis =850 ##$$a NBPNMAT =990 ##$$a 21195794/BPAP-NTB/2014 =990 ##$$a 21400613/BPAP-NTB/20142014 =990 ##$$a 21602169/BPAP-NTB/2017